Normal view
MARC view
Entry Topical Term
001 - CONTROL NUMBER
- control field: 252979
003 - CONTROL NUMBER IDENTIFIER
- control field: OSt
005 - DATE AND TIME OF LATEST TRANSACTION
- control field: 20260128134732.0
008 - FIXED-LENGTH DATA ELEMENTS
- fixed length control field: 260128|| aca||aabn | a|a d
040 ## - CATALOGING SOURCE
- Original cataloging agency: OSt
- Transcribing agency: OSt
150 ## - HEADING--TOPICAL TERM
- Topical term or geographic name entry element: Dynamics of communication
670 ## - SOURCE DATA FOUND
- Source citation: Work cat.: (OSt)197359: Kondalkar, V G. 252976, Organizational behaviour /, 2018.